000 00427nam a2200169Ia 4500
003 OSt
005 20240306093543.0
008 170619s9999 xx 000 0 und d
020 _a9798174464810
040 _cIIMT ENGINEERING COLLEGE
100 _adeepak bharioke
245 0 _aFundamentals Of Information Technology
260 _bOxford Oxford university press
260 _c2008
546 _aENGLISH
942 _2ddc
_c02
999 _c22372
_d22372